000 00708nam a2200205Ii 4500
003 JO-AjNU
008 230605s9999||||xx |||||||||||||| ||und||
040 _aJO-AjNU
_bara
_erda
_cJO-AjNU
041 _aara
050 1 4 _aBP173.6.I27 1969
100 3 _aابن تيمية، تقي الدين أبي العباس أحمد ,
_eauthor
_921022
245 0 0 _aالسياسة الشرعية في إصلاح الراعي والرعية
250 _aط4
264 3 1 _aمصر: دار الكتاب العربي، 1969
300 _a170ص
336 _atext
_btxt
_2rdacontent
337 _aunmediated
_bn
_2rdamedia
338 _avolume
_bnc
_2rdacarrier
650 4 _aنظام الحكم في الاسلام
_921023
999 _aA7234
_c10802
_d10802